| 000 | 00604nam a2200205 i 4500 | ||
|---|---|---|---|
| 001 | 128319 | ||
| 003 | ES-MaACL | ||
| 005 | 20251114150618.0 | ||
| 007 | t| | ||
| 008 | 070629s1973 sp ||||1| spa d | ||
| 100 | 1 |
_aZolar. _9118332 |
|
| 245 | 1 | 3 |
_aLa astrología conyugal / _cZolar ; [traducción: Miguel Giménez Sales]. |
| 250 | _a[1ª ed.]. | ||
| 260 |
_aBarcelona : _bFénix, _c[1973] |
||
| 300 |
_a293 p. ; _c18 cm. |
||
| 650 | 1 | 7 |
_aAstrología _2embne _910384 |
| 700 | 1 |
_aGiménez Sales, Miguel, _d1922- _957067 |
|
| 852 |
_aES-MaACL _jE-5027 _bR.88954 |
||
| 999 |
_c128319 _d128319 |
||